|
|
|
|
| LEADER |
00000cam a2200000 i 4500 |
| 001 |
1/48163 |
| 008 |
960313s1988 gr ||| | gre|| |
| 035 |
|
|
|l 10026623
|
| 040 |
|
|
|a GR-MY-UA
|b gre
|e aacr
|
| 041 |
0 |
|
|a gre
|
| 082 |
0 |
|
|a 361.9495
|
| 245 |
1 |
0 |
|a Προβλήματα ανάπτυξης του κράτους πρόνοιας στην Ελλάδα :
|b χωρικές και τομεακές προσεγγίσεις /
|c Επιμέλεια:Θωμάς Μαλούτας, Δημήτρης Οικονόμου.
|
| 260 |
|
|
|a Αθήνα :
|b Εξάντας,
|c 1988
|
| 300 |
|
|
|a 325 σ.
|
| 650 |
0 |
0 |
|a Welfare state
|z Greece.
|
| 700 |
1 |
|
|a Μαλούτας, Θωμάς.
|4 edt
|
| 700 |
1 |
|
|a Οικονόμου, Δημήτρης Γ.,
|d 1950-
|4 edt
|
| 852 |
|
|
|a INST
|b CHIOS
|e 19960313
|h 361.9495 ΠΡΟ
|p 005200002935
|q 005200002935
|t BK
|y 0
|
| 909 |
|
|
|a Χ
|b 016090
|